00338nam a2200133Ia 4500008004100000020001800041082001400059100001900073245003700092250001300129260003800142300000800180600001600188250916s9999 xx 000 0 und d a9781292354866 a512.5 LEO aLeon ,Steven.J 0aLinear algebra with applications a10th,ed. aSingapurbPearson Educationc2021 a554 aMathematics